000 00598nam a2200193Ia 4500
003 0OSt
005 20260309100429.0
008 240810s9999 xx 000 0 und d
020 _a978-84-608-1581-5
040 _aBiblioteca Geral-Universidade Lusíada de Angola
_cBULA
082 _m10(1)
_a327
100 _aSONIA ALDAS MEJIAS /SUSANA FERREIRA
245 0 _aLa Multidimensionalidad de la seguridad
260 _aMadrid
_bImprenta Nacional de la AEBOE
_c2015.
300 _a563p
650 _aRelaçoes Internacionais
700 _aSonia Aldas Mejias /susana Ferreira
942 _cLivros
_2ddc
999 _c641
_d641